000 00569nam a2200217Ia 4500
003 OSt
005 20220928144133.0
006 a|||||r|||| 00| 0
007 ta
008 220927b |||||||| |||| 00| 0 eng d
024 _a24464
037 _cTextual
040 _aSDCL
_cSDCL
_beng
041 _2eng
_aeng
082 _aO15,1J72,1, M8
100 _aGupta Pritibala
_9507081
245 0 _aSurjan charitam ka sahityak evam ethaasik adhyann.
260 _c1988
942 _hO15,1J72,1, M8
_cTEXL
_2CC
999 _c826378
_d826378